Biggest Cities in Andorra A-Z - Statistics

General Stats
  • This quiz has been taken 5 times
  • The average score is 11 of 26
Answer Stats
Letter Population City % Correct
A 24,540 Andorra la Vella
100%
D N/A N/A
100%
H N/A N/A
100%
K N/A N/A
100%
Q N/A N/A
100%
T N/A N/A
100%
U N/A N/A
100%
W N/A N/A
100%
Y N/A N/A
100%
Z N/A N/A
100%
E 9,514 Encamp
40%
C 5,091 Canillo
20%
S 4,788 Sant Julià de Lòria
20%
B 61 Bixessarri
0%
F 121 Fontaneda
0%
G 11 Grau Roig
0%
I 580 Incles
0%
J 364 Juberri
0%
L 12,853 Les Escaldes
0%
M 1,025 Mas de Ribafeta
0%
N 65 Nagol
0%
O 3,550 Ordino
0%
P 258 Pal
0%
R 204 Ransol
0%
V 1,506 Vila
0%
X 102 Xixerella
0%
No matching quizzes found
Score Distribution
Percent of People with Each Score
Percentile by Number Answered
Your Score History
You have not taken this quiz